000 00517nam a2200193Ia 4500
005 20240823061834.0
008 240823s9999||||xx |||||||||||||| ||und||
020 _a90-901940-2-9
041 _aENGLISH
082 _A618.920978 P5
100 _aHeleen Luts
245 0 _aDiagnosis of Hearing Loss in Newborns
250 _a1st
260 _c2005
_bKatholieke Universitis L
500 _aTRANSFERED
650 _aAudiology Speech and Language Pathology
_bAllied Health Science
942 _cBK
999 _c234476
_d234476